Workshop on "Exporting Services Successfully" (13 July 2006 : Kuala Lumpur, Pan Pacific Hotel).

Bibliographic Details
Corporate Author: Malaysia External Trade Development Corporation (MATRADE)
Format: Book
Published: Kuala Lumpur: MATRADE, 2006.
Subjects:
LEADER 00671cam a2200169 7i4500
001 0000023494
005 20090827090000.0
090 0 0 |a MAT 382.6   |b MAL 
110 2 0 |a Malaysia External Trade Development Corporation (MATRADE) 
245 2 0 |a Workshop on "Exporting Services Successfully" (13 July 2006 : Kuala Lumpur, Pan Pacific Hotel). 
260 0 0 |a Kuala Lumpur:   |b MATRADE,   |c 2006. 
300 # # |a [v.p]. 
650 0 0 |a Services industries --   |x Workshops  
650 0 0 |a Construction --   |x Workshops  
650 0 0 |a Exports --   |x Workshope  
999 |a 0000024891  |b Book  |c MATRADEs Collection  |e Business Information Centre 
999 |a 0000024890  |b Book  |c MATRADEs Collection  |e Business Information Centre